| 000 | 00465cam a2200181ua 4500 | ||
|---|---|---|---|
| 001 | 6412 | ||
| 008 | 140510n ii |||gr||||Z||||||eng | ||
| 040 | _cMAIN | ||
| 082 | _a513 | ||
| 245 |
_aPractical commercial arithmatic _cBy D.C. Sutaria |
||
| 250 | _a7th ed. | ||
| 260 |
_aDelhi: _bOxford university press, _c1966. |
||
| 300 | _ax,404p. | ||
| 653 | _aArithmetic | ||
| 653 | _aPractical commercial arithmetics | ||
| 700 |
_aSuteria,D.C., _eAuthor. |
||
| 942 | _cBK | ||
| 999 |
_c5561 _d5561 |
||